000 00834nam a22002297a 4500
005 20231204142312.0
010 _aENG-138560
020 _a9789354422591
_c940.00
035 _aEN-122092
037 _bDBAD/PUB
082 _a595.7
_21
245 _aEcological Entanglements:
_cEdited By Ambika Aiyadurai; Arka Chattopadhyay and Nishaant Choksi
_bAffect, Embodiment and Ethics of Care/
250 _a1
260 _aTelengana
_bOrient BlackSwan Private Limited
_c2023
270 _a3-6-752, Himayatnagar, Hyderabad
_bTelengana
_e500029
_minfo@orientblackswan.com
300 _a98p.
_c22cm(pbk)
_bindex
500 _aIncludes index
700 _aAiyadurai, Ambika
_eEditor
_959425
700 _aChattopadhyay, Arka
_eEditor
_959426
700 _aChoksi, Nishaant
_eEditor
_959427
942 _2ddc
_cEN
_h595.7
_mECO
999 _c199439
_d199439